00287nam a2200121Ia 45000030006000000080041000060400015000471000028000622450012000902600034001025460012001360050017001480STCL150530s9999 xx 000 0 und d aSTCLcSTCL aEdward Wagenkanecht; Ed aChaucer bOxford University pressc1959 aEnglish20220125170857.0